BIBLIOTHÈQUE DE LA MAISON DU MEXIQUE

Logo 1 Logo 2

Antología del modernismo (notice nᵒ 2981)

détails MARC
000 -Sello discográfico
campo de control de longitud fija 01065nam a2200301 4500
005 - Identificación de versión
campo de control 20251017062904.0
035 ## - Otros números de control del sistema
Número de control del sistema 28198
099 ## - fechas locales
Tipo de ítem Koha LIBRO
100 ## - Datos de procesamiento general
Datos de procesamiento general 20020718d19781970m y1spay5003 ba
105 ## - Campo de datos codificados: Material textual, monográfico
Datos codificados de monografía y 001gy
200 1# - Título y mención de responsabilidad
Título propio Antología del modernismo
Designación general del material texto impreso
Otra información del título 1884-1921
Primer mención de responsabilidad Selección, introducción y notas José Emilio Pacheco
205 ## - Declaración de edición
Declaración de edición 1a reimpr de la 1a ed
210 ## - Publicación, distribución, etc.
Lugar de publicación, distribución, etc. México
Nombre del editor, distribuidor, etc. Universidad Nacional Autónoma de México, Coordinación de Humanidades
Fecha de publicación, distribución, etc. 1978
215 ## - Descripción física
Designación de material específico y extensión del ítem 2 v
Dimensiones 18 cm
300 ## - Notas generales
Texto de la nota La biblioteca cuenta únicamente con el v.2
345 ## - Nota de información de adquisición
Fuente de adquisición/dirección de la suscripción [OBSOLETO] Donación
410 #1 - Series
Título Biblioteca del Estudiante Universitario
Número de volumen 90-91
606 ## - Término temático usado como materia
Elemento de entrada Modernismo (Literatura)
Número Koha 3821
606 ## - Término temático usado como materia
Elemento de entrada Poesía mexicana
Subdivisión temática Colecciones
Número Koha 3597
702 ## - Nombre personal - Responsabilidad secundaria
Elemento de entrada Pacheco Berny
Parte del nombre distinta del elemento de entrada José Emilio
Fechas 1939-2014
Número Koha 1077
801 #0 - Fuente de origen
Agencia cm
900 ## -
-- 1/1636
900 ## -
-- 7100213419\180702
942 ## - ELEMENTOS DE ENTRADA SECUNDARIOS (KOHA)
Tipo de ítem Koha Livre
996 ## -
-- MEX
-- 751145101
-- MMAG
-- 009170
-- 082.1 B820 V.91
-- 20231129LIV
Exemplaires
Estatus retirado Estado de daño Estado de pérdida Fecha de adquisición Biblioteca de origen Biblioteca actual Ubicación en estantería Código de barras Precio de reemplazo Signatura topográfica completa No para préstamo Tipo de ítem Koha Nota pública Nota no pública
      05/08/2025 Casa México Paris Casa México Paris   009170 05/08/2025 082.1 B820 V.91   Livre 20231129LIV 751145101